000 00759nam a2200253 a 4500
008
020 _z082034168 (cased)
049 _aMAIN
090 _aQA171.5
_b.D65
090 _aQA171.5 .D65
090 _aQA171.5
_b.D65
100 1 0 _aDonnellan, Thomas.
245 0 0 _aLattice theory.
260 0 _aOxford :
_bPergamon Press,
_c1968.
300 _axii, 283 p. ;
_c21 cm.
440 1 _aCommonwealth and international library. Mathematics division.
504 _aIncludes bibliographical references : p. 278.
650 0 _aLattice theory.
907 _a.b10090253
_b03-10-03
_c03-10-03
003
005 20230123133434.0
040 _cNUST
942 _cBOOKS
_kQA171.5
_kQA171.5 .D65
_kQA171.5
_m.D65
_m.D65
999 _c148611
_d148611